Introduction to Company Law and Practice (Record no. 43606)
[ view plain ]
| 003 - CONTROL NUMBER IDENTIFIER | |
|---|---|
| control field | 0199000 |
| 005 - DATE AND TIME OF LATEST TRANSACTION | |
| control field | 20250825115506.0 |
| 008 - FIXED-LENGTH DATA ELEMENTS--GENERAL INFORMATION | |
| fixed length control field | 250825b |||||||| |||| 00| 0 eng d |
| 020 ## - INTERNATIONAL STANDARD BOOK NUMBER | |
| International Standard Book Number | 978-978-59259-9-9 |
| 040 ## - CATALOGING SOURCE | |
| Description conventions | rda |
| 050 ## - LIBRARY OF CONGRESS CALL NUMBER | |
| Classification number | KP 128 |
| Item number | W5 |
| 082 ## - DEWEY DECIMAL CLASSIFICATION NUMBER | |
| Edition number | KP 128 |
| Classification number | W5 |
| 100 ## - MAIN ENTRY--PERSONAL NAME | |
| Personal name | Wigwe C. Chris |
| Dates associated with a name | 2016 |
| 245 ## - TITLE STATEMENT | |
| Title | Introduction to Company Law and Practice |
| Remainder of title | With companies and allied matters act 2020 |
| 250 ## - EDITION STATEMENT | |
| Edition statement | Second |
| 260 ## - PUBLICATION, DISTRIBUTION, ETC. (IMPRINT) | |
| Place of publication, distribution, etc | Lagos ,Nigeria |
| Name of publisher, distributor, etc | Princeton |
| Date of publication, distribution, etc | 2016 |
| 264 ## - PUBLICATION, DISTRIBUTION, ETC. (IMPRINT) | |
| Place of publication, distribution, etc | Lagos, Nigeria |
| Name of publisher, distributor, etc | Princeton |
| Date of publication, distribution, etc | 2016 |
| 300 ## - PHYSICAL DESCRIPTION | |
| Other physical details | xiv, |
| 306 ## - PLAYING TIME | |
| Playing time | 881pg., 35 cm. |
| 336 ## - CONTENT TYPE | |
| Source | rdacontent |
| 338 ## - CARRIER TYPE | |
| Source | rdacarrier |
| 650 ## - SUBJECT ADDED ENTRY--TOPICAL TERM | |
| Topical term or geographic name as entry element | Company Law |
| 942 ## - ADDED ENTRY ELEMENTS (KOHA) | |
| Source of classification or shelving scheme | Library of Congress Classification |
| Koha item type | Books |
| Withdrawn status | Lost status | Source of classification or shelving scheme | Damaged status | Not for loan | Permanent Location | Current Location | Shelving location | Date acquired | Total Checkouts | Full call number | Barcode | Date last seen | Price effective from | Koha item type |
|---|---|---|---|---|---|---|---|---|---|---|---|---|---|---|
| Library of Congress Classification | Law Library | Law Library | Items on shelf | 08/25/2025 | KP 128 .W5 | 0199000 | 08/25/2025 | 08/25/2025 | Books | |||||
| Library of Congress Classification | Law Library | Law Library | Items on shelf | 08/25/2025 | KP 128 .W5 | 0199001 | 08/25/2025 | 08/25/2025 | Books | |||||
| Library of Congress Classification | Law Library | Law Library | Items on shelf | 08/25/2025 | KP 128 .W5 | 0199002 | 08/25/2025 | 08/25/2025 | Books |